| 000 | 00000nas 2200000za 4500 |
| 001 | 9.846515 |
| 003 | CaOODSP |
| 005 | 20221107153224 |
| 007 | cr ||||||||||| |
| 008 | 171102d19541961oncar p oss f0###a0eng|d |
| 040 | |aCaOODSP|beng |
| 043 | |an-cn--- |
| 086 | 1 |aCS68-211E-PDF |
| 245 | 00|aFinancial statistics of the government of Canada, revenue and expenditure, direct and indirect debt, actual |h[electronic resource]. |
| 260 | |aOttawa :|bDominion Bureau of Statistics, Public Finance and Transportation Division, Public Finance Section, |c1957-1964. |
| 310 | |aAnnual |
| 362 | 1 |aBegan with 1953 and 1954; ceased with 1961. |
| 500 | |aDigitized edition from print [produced by Statistics Canada]. |
| 500 | |aCover title. |
| 515 | |aFiscal year ended Mar. 31. |
| 520 | |aAn analysis of federal government revenue and expenditure, assets, liabilities and surplus within the Financial Management concepts, providing functional-economic cross-classifications together with analysis of sources and uses of funds, transfers to other levels of government, special fund operations and bonded debt. Also provides a reconciliation of Financial Management revenue and expenditure to budgetary revenue and expenditure as per Public Accounts. |
| 550 | |aIssued 1961 by Government Finance Section. |
| 692 | 07|2gccst|aPublic finance |
| 710 | 1 |aCanada.|bDominion Bureau of Statistics.|bGovernment Finance Section. |
| 710 | 1 |aCanada.|bDominion Bureau of Statistics.|bPublic Finance Section. |
| 785 | 00|tFederal government finance, revenue and expenditure, direct and indirect debt |w(CaOODSP)9.846522 |